Caracterización de las pymes de Bogotá mediante el uso de información secundaria : (Registro nro. 4103)
[ vista simple ]
| 000 -LEADER | |
|---|---|
| fixed length control field | 01003nam a2200217Ia 4500 |
| 003 - CONTROL NUMBER IDENTIFIER | |
| control field | OSt |
| 005 - DATE AND TIME OF LATEST TRANSACTION | |
| control field | 20200715152854.0 |
| 008 - FIXED-LENGTH DATA ELEMENTS--GENERAL INFORMATION | |
| fixed length control field | 191128s2006 ck fr 000 0 spa d |
| 020 ## - INTERNATIONAL STANDARD BOOK NUMBER | |
| International Standard Book Number | 9586314375 |
| 040 ## - CATALOGING SOURCE | |
| Original cataloging agency | CO-JMCR |
| Transcribing agency | CO-JMCR |
| 041 0# - LANGUAGE CODE | |
| Language code of text/sound track or separate title | spa |
| 082 04 - DEWEY DECIMAL CLASSIFICATION NUMBER | |
| Classification number | 338.642 / |
| Item number | C257c |
| Edition number | 23 |
| 245 00 - TITLE STATEMENT | |
| Title | Caracterización de las pymes de Bogotá mediante el uso de información secundaria : |
| Remainder of title | resultados de investigación / |
| 260 ## - PUBLICATION, DISTRIBUTION, ETC. | |
| Place of publication, distribution, etc. | Bogotá : |
| Name of publisher, distributor, etc. | Universidad Santo Tomás, |
| Date of publication, distribution, etc. | 2006 |
| 300 ## - PHYSICAL DESCRIPTION | |
| Extent | 168 páginas ; |
| Dimensions | 24 cm. |
| 490 0# - SERIES STATEMENT | |
| Series statement | Centro de estudios economía y humanismo Louis Joseph Lebret |
| 505 0# - FORMATTED CONTENTS NOTE | |
| Formatted contents note | Caracterización general -- Estudios especializados -- Caracterización de la regulación contable para las PYMES que utilizan tecnología limpia -- Caracterización de las conectividades las PYMES de Bogotá -- Carecterización del perfil del talento humano. |
| 650 14 - SUBJECT ADDED ENTRY--TOPICAL TERM | |
| Topical term or geographic name entry element | Industria |
| Geographic subdivision | Bogotá (Colombia) |
| 9 (RLIN) | 7313 |
| 650 14 - SUBJECT ADDED ENTRY--TOPICAL TERM | |
| Topical term or geographic name entry element | Pequeña y mediana empresa |
| Geographic subdivision | Bogotá (Colombia) |
| 9 (RLIN) | 7314 |
| 942 ## - ADDED ENTRY ELEMENTS (KOHA) | |
| Source of classification or shelving scheme | Dewey Decimal Classification |
| Koha item type | Books |
| Withdrawn status | Lost status | Source of classification or shelving scheme | Damaged status | Not for loan | Collection code | Home library | Current library | Date acquired | Source of acquisition | Full call number | Barcode | Date last seen | Copy number | Koha item type |
|---|---|---|---|---|---|---|---|---|---|---|---|---|---|---|
| Dewey Decimal Classification | Non-fiction | Biblioteca Pública José María del Castillo y Rada | Biblioteca Pública José María del Castillo y Rada | 07/22/2018 | Donación | 338.642 / C257c | 201808905 | 05/16/2024 | Ej.1 | Books |